Statistics for All Countries in Order by Highest Point

Click here to take the quiz!

General Stats

  • This quiz has been taken 2,053 times
  • The average score is 69 of 196

Answer Stats

High Point Country Continent % Correct
Mount Everest (8848 m)ChinaAsia
100%
Mount Everest (8848 m)NepalAsia
98%
K2 (8614 m)PakistanAsia
89%
Kangchenjunga (8586 m)IndiaAsia
85%
Mount McKinley (6194 m)United StatesNorth America
80%
Mount Logan (5956 m)CanadaNorth America
79%
Aconcagua (6962 m)ArgentinaSouth America
78%
Gangkar Punsum (7570 m)BhutanAsia
78%
Ojos del Salado (6893 m)ChileSouth America
77%
Nevado Huascarán (6746 m)PeruSouth America
76%
Kilimanjaro (5895 m)TanzaniaAfrica
76%
Nevado Sajama (6542 m)BoliviaSouth America
75%
Mount Kenya (5199 m)KenyaAfrica
74%
Volcán Chimborazo (6267 m)EcuadorSouth America
74%
Mont Blanc (4810 m)FranceEurope
74%
Elbrus (5642 m)RussiaAsia/Europe
73%
Mont Blanc (4810 m)ItalyEurope
73%
Pico de Orizaba (5636 m)MexicoNorth America
72%
Mount Ararat (5137 m)TurkeyAsia/Europe
71%
Pico Cristóbal Colón (5776 m)ColombiaSouth America
70%
Pico Bolívar (4981 m)VenezuelaSouth America
68%
Pik Ismail Samani (7495 m)TajikistanAsia
66%
Noshaq (7492 m)AfghanistanAsia
65%
Pik Pobeda (7439 m)KyrgyzstanAsia
62%
Mount Cook (3754 m)New ZealandOceania
62%
Monte Rosa (4634 m)SwitzerlandEurope
61%
Mount Wilhelm (4509 m)Papua New GuineaOceania
59%
Fuji-san (3776 m)JapanAsia
59%
Großglockner (3798 m)AustriaEurope
59%
Pico de Teide (3718 m)SpainEurope
58%
Carstensz Pyramid (Puncak Jaya) (4884 m)IndonesiaAsia
57%
Hantengri Feng (6995 m)KazakhstanAsia
57%
Mount Stanley (5109 m)DR CongoAfrica
57%
Mount Stanley (5109 m)UgandaAfrica
56%
Damavand (5610 m)IranAsia
55%
Volcán Tajumulco (4220 m)GuatemalaNorth America
54%
Mont Cameroun (4040 m)CameroonAfrica
53%
Olympus (2917 m)GreeceEurope
53%
Hkakabo Razi (5881 m)MyanmarAsia
52%
Chirripó Grande (3819 m)Costa RicaNorth America
48%
Zugspitze (2962 m)GermanyEurope
46%
Khazret Sultan (4643 m)UzbekistanAsia
46%
Pico da Neblina (2994 m)BrazilSouth America
45%
Shkhara (5193 m)GeorgiaAsia
45%
Galdhøpiggen (2469 m)NorwayEurope
45%
Ras Dashen (4550 m)EthiopiaAfrica
44%
Volcán Barú (3474 m)PanamaNorth America
44%
(Unnamed) Vatican Hill (72 m)Vatican CityEurope
43%
Mount Roraima (2772 m)GuyanaSouth America
42%
Tavan Bogd Uul (4374 m)MongoliaAsia
41%
Jebel Toubkal (4167 m)MoroccoAfrica
40%
Pic de Coma Pedrosa (2943 m)AndorraEurope
40%
Pico Duarte (3098 m)Dominican RepublicNorth America
38%
Bazar Dyuzi (4466 m)AzerbaijanAsia
38%
Volcan Karisimbi (4519 m)RwandaAfrica
38%
Kinabalu (4095 m)MalaysiaAsia
38%
Jabal an Nabi Shu'ayb (3666 m)YemenAsia
37%
Ben Nevis (1344 m)United KingdomEurope
37%
Møllehøj (171 m)DenmarkEurope
37%
Mount Kosciuszko (2228 m)AustraliaOceania
36%
Moldoveanu (2544 m)RomaniaEurope
36%
Aragats Lerr (4090 m)ArmeniaAsia
35%
Grauspitze (2599 m)LiechtensteinEurope
35%
Yushan (3952 m)TaiwanAsia
35%
Cerro Catedral (514 m)UruguaySouth America
35%
Montanha do Pico (2351 m)PortugalEurope
35%
Hvannadalshnúkur (2110 m)IcelandEurope
35%
Pico de São Tomé (2024 m)Sao Tome and PrincipeAfrica
35%
Chemin des Révoires (162 m)MonacoEurope
35%
Julianatop (1230 m)SurinameSouth America
35%
Triglav (2864 m)SloveniaEurope
34%
Haltitunturi (Haldefjäll) (1324 m)FinlandEurope
34%
Cerro Las Minas (2849 m)HondurasNorth America
34%
(Unnamed) Wilingili Island (3 m)MaldivesAsia
34%
Korab (2764 m)MacedoniaEurope
33%
Cerro Tres Kandú (842 m)ParaguaySouth America
33%
Cheekha Dar (3611 m)IraqAsia
32%
Korab (2764 m)AlbaniaEurope
32%
Gerlachovský štít (2654 m)SlovakiaEurope
32%
Cerro El Pital (2730 m)El SalvadorNorth America
32%
Fan Si Pan (3142 m)VietnamAsia
31%
Pic la Selle (2680 m)HaitiNorth America
31%
Ayrybaba (3139 m)TurkmenistanAsia
30%
Paektu-san (2744 m)North KoreaAsia
30%
Musala (2925 m)BulgariaEurope
30%
Mount Popomanaseu (2335 m)Solomon IslandsOceania
30%
Vaalserberg (321 m)NetherlandsEurope
29%
Blue Mountain Peak (2256 m)JamaicaNorth America
29%
Thabana Ntlenyana (3482 m)LesothoAfrica
29%
Kebnekaise (2106 m)SwedenEurope
29%
Morne Seychellois (905 m)SeychellesAfrica
28%
(Unnamed) Command Ridge (65 m)NauruOceania
28%
Mafadi (3451 m)South AfricaAfrica
28%
Qurnat as Sawda (3088 m)LebanonAsia
28%
Rysy-North Peak (2499 m)PolandEurope
28%
(Unnamed) Niulakita (5 m)TuvaluOceania
28%
Sněžka (1602 m)Czech RepublicEurope
27%
Pico Mogotón (2106 m)NicaraguaNorth America
27%
Olympus (1951 m)CyprusAsia
27%
Jabal Marrah (3042 m)SudanAfrica
27%
Jebel Shams (3018 m)OmanAsia
27%
Phnom Aural (1813 m)CambodiaAsia
27%
Pico Turquino (1974 m)CubaNorth America
27%
Emi Koussi (3445 m)ChadAfrica
27%
Mount Apo (2954 m)PhilippinesAsia
27%
Mount Victoria (1324 m)FijiOceania
27%
Pico de Santa Isabel (3008 m)Equatorial GuineaAfrica
27%
Daravica (2658 m)KosovoEurope
26%
Suur Munamagi (318 m)EstoniaEurope
26%
Gaizinkalns (312 m)LatviaEurope
26%
Mauga Silisili (1858 m)SamoaOceania
26%
Kinyeti (3187 m)South SudanAfrica
26%
Halla-san (1950 m)South KoreaAsia
26%
Signal de Botrange (694 m)BelgiumEurope
26%
Phou Bia (2830 m)LaosAsia
26%
Jabal Sawda (3000 m)Saudi ArabiaAsia
26%
Tabwémasana (1879 m)VanuatuOceania
26%
Qurayn Abu al Bawl (103 m)QatarAsia
26%
Mount Alvernia (63 m)BahamasNorth America
26%
Brandberg (2573 m)NamibiaAfrica
26%
(Unnamed) Likiep Island (10 m)Marshall IslandsOceania
26%
Dinara (1831 m)CroatiaEurope
25%
(Unnamed) Banaba Island (81 m)KiribatiOceania
25%
Maglic (2387 m)Bosnia and HerzegovinaEurope
25%
Mount Ngerchelchauus (242 m)PalauOceania
25%
Dingli Cliffs (253 m)MaltaEurope
25%
Aukstojas (294 m)LithuaniaEurope
25%
Tatamailau (Ramelau) (2963 m)East TimorAsia
25%
Jabal ad Dukhan (134 m)BahrainAsia
25%
Monte Titano (739 m)San MarinoEurope
25%
Jabal ash Shaykh (2814 m)SyriaAsia
24%
Doyle's Delight (1174 m)BelizeNorth America
24%
Kao (1109 m)TongaOceania
24%
Tahat (2908 m)AlgeriaAfrica
24%
Soira (3018 m)EritreaAfrica
24%
Maja Kolata (2534 m)MontenegroEurope
24%
Midzor (2169 m)SerbiaEurope
24%
Kékes (1014 m)HungaryEurope
24%
Carrauntoohil (1041 m)IrelandEurope
24%
Doi Inthanon (2580 m)ThailandAsia
24%
Pico de Cano (2829 m)Cape VerdeAfrica
23%
Sapitwa Peak (3003 m)MalawiAfrica
23%
Gebel Katherîna (2629 m)EgyptAfrica
23%
La Soufrière (1234 m)Saint Vincent and the GrenadinesNorth America
23%
Kneiff (560 m)LuxembourgEurope
23%
Morne Diablotins (1447 m)DominicaNorth America
23%
Mount Obama (402 m)Antigua and BarbudaNorth America
23%
Hara Dzyarzhynskaya (345 m)BelarusEurope
23%
Moro de Môco (2620 m)AngolaAfrica
23%
Hora Hoverla (2061 m)UkraineEurope
23%
Bukit Timah (176 m)SingaporeAsia
22%
Ngihneni (791 m)MicronesiaOceania
22%
Mount Gimie (950 m)Saint LuciaNorth America
22%
Maromokotro (2876 m)MadagascarAfrica
22%
Pidurutalagala (2524 m)Sri LankaAsia
22%
Mount Misery (1156 m)Saint Kitts and NevisNorth America
22%
Mount Hillaby (340 m)BarbadosNorth America
21%
Mont Heha (2670 m)BurundiAfrica
21%
Balanesti (430 m)MoldovaEurope
21%
Red Rock (53 m)GambiaAfrica
21%
Mount Saint Catherine (840 m)GrenadaNorth America
21%
Chappal Wadi (2419 m)NigeriaAfrica
21%
Har Meron (1208 m)IsraelAsia
20%
Mafinga Central (2329 m)ZambiaAfrica
20%
Mont Richard-Molard (1752 m)Cote d'IvoireAfrica
20%
Inyangani (2592 m)ZimbabweAfrica
20%
Shimbiris (2460 m)SomaliaAfrica
20%
Aripo Peak (940 m)Trinidad and TobagoNorth America
20%
Bukit Pagon (1850 m)BruneiAsia
19%
Mount Binga (2436 m)MozambiqueAfrica
19%
Moussa Ali (2021 m)DjiboutiAfrica
19%
Emlembe (1862 m)SwazilandAfrica
19%
(Unnamed) Multa Ridge (306 m)KuwaitAsia
19%
Mont Richard-Molard (1752 m)GuineaAfrica
19%
Pic Bette (2266 m)LibyaAfrica
19%
Mont Bagzane (2022 m)NigerAfrica
18%
Kartala (2361 m)ComorosAfrica
18%
Jabal Umm ad Dami (1854 m)JordanAsia
18%
Jebel Chambi (1544 m)TunisiaAfrica
18%
Mont Ngaoui (1410 m)Central African RepublicAfrica
18%
Petite Rivière Noire Peak (828 m)MauritiusAfrica
18%
Jebel Jais (1925 m)United Arab EmiratesAsia
18%
Mont Agou (986 m)TogoAfrica
17%
Loma Mansa (1945 m)Sierra LeoneAfrica
17%
Mont Nabeba (1020 m)Republic of CongoAfrica
17%
Mount Wuteve (1420 m)LiberiaAfrica
17%
Hombori Tondo (1155 m)MaliAfrica
17%
Mont Bengoué (1070 m)GabonAfrica
17%
Mount Afadjoto (885 m)GhanaAfrica
17%
Kdeyyat ej Joul (915 m)MauritaniaAfrica
17%
Monalanong Hill (1494 m)BotswanaAfrica
17%
(Unnamed) Northeast Gabú Region (262 m)Guinea-BissauAfrica
16%
(Unnamed) Fouta Djallon foothills (638 m)SenegalAfrica
16%
Tanekas (650 m)BeninAfrica
16%
Mowdok Mual (1052 m)BangladeshAsia
16%
Téna Kourou (747 m)Burkina FasoAfrica
15%

Score Distribution

Percentile by Number Answered

Percent of People with Each Score

Your Score History

You have not taken this quiz